Law of Evidence/ (Record no. 1430913)

MARC details
000 -LEADER
fixed length control field 00735nam a22002537a 4500
005 - DATE AND TIME OF LATEST TRANSACTION
control field 20250522152100.0
008 - FIXED-LENGTH DATA ELEMENTS--GENERAL INFORMATION
fixed length control field 250522b |||||||| |||| 00| 0 eng d
037 ## - SOURCE OF ACQUISITION
Terms of availability TB
040 ## - CATALOGING SOURCE
Original cataloging agency LCT
Transcribing agency LCT
041 ## - LANGUAGE CODE
Source of code eng
Language code of text/sound track or separate title eng
Language code of original eng
084 ## - COLON CLASSIFICATION NUMBER
Classification number Z,94 Q18
100 ## - MAIN ENTRY--PERSONAL NAME
Personal name Monir, M
9 (RLIN) 784553
245 ## - TITLE STATEMENT
Title Law of Evidence/
250 ## - EDITION STATEMENT
Edition statement 11th ed.
260 ## - PUBLICATION, DISTRIBUTION, ETC.
Place of publication, distribution, etc. Gurgaon, India:
Name of publisher, distributor, etc. universal, Lexis Nexis,
Date of publication, distribution, etc. 2018
300 ## - PHYSICAL DESCRIPTION
Extent Lxxiv, 520p.
650 ## - SUBJECT ADDED ENTRY--TOPICAL TERM
Topical term or geographic name entry element Law
9 (RLIN) 784520
650 ## - SUBJECT ADDED ENTRY--TOPICAL TERM
Source of heading or term Law of Evidence
650 ## - SUBJECT ADDED ENTRY--TOPICAL TERM
Topical term or geographic name entry element Indian Evidence Act
9 (RLIN) 784521
650 ## - SUBJECT ADDED ENTRY--TOPICAL TERM
Topical term or geographic name entry element Criminal law
9 (RLIN) 784522
650 ## - SUBJECT ADDED ENTRY--TOPICAL TERM
Topical term or geographic name entry element Bharatiya Sakshya Adhiniyam, 2023
9 (RLIN) 784523
650 ## - SUBJECT ADDED ENTRY--TOPICAL TERM
Topical term or geographic name entry element Indian evidence law
9 (RLIN) 784524
942 ## - ADDED ENTRY ELEMENTS (KOHA)
Source of classification or shelving scheme Colon Classification (CC)
Koha item type Textbook
Classification part Z,94 Q18
Suppress in OPAC No
Holdings
Withdrawn status Lost status Source of classification or shelving scheme Damaged status Not for loan Collection Home library Current library Shelving location Date acquired Source of acquisition Cost, normal purchase price Inventory number Total Checkouts Full call number Barcode Date last seen Price effective from Koha item type
    Colon Classification (CC)     Non-fiction Law Centre-II Library Law Centre-II Library General Stacks 2025-05-22 Singhal Publication 525.00 6707/18.02.2019   Z,94 Q18 LT0027064 2025-05-22 2025-05-22 Textbook
    Colon Classification (CC)     Non-fiction Law Centre-II Library Law Centre-II Library General Stacks 2025-05-22 Singhal Publication 525.00 6707/18.02.2019   Z,94 Q18 LT0027065 2025-05-22 2025-05-22 Textbook
    Colon Classification (CC)     Non-fiction Law Centre-II Library Law Centre-II Library General Stacks 2025-05-22 Singhal Publication 525.00 6707/18.02.2019   Z,94 Q18 LT0027066 2025-05-22 2025-05-22 Textbook
    Colon Classification (CC)     Non-fiction Law Centre-II Library Law Centre-II Library General Stacks 2025-05-22 Singhal Publication 525.00 6707/18.02.2019   Z,94 Q18 LT0027067 2025-05-22 2025-05-22 Textbook
    Colon Classification (CC)     Non-fiction Law Centre-II Library Law Centre-II Library General Stacks 2025-05-22 Singhal Publication 525.00 6707/18.02.2019   Z,94 Q18 LT0027068 2025-05-22 2025-05-22 Textbook
Copyright @ Delhi University Library System